Porovnávanie populačných potenciálov vybraných hlavných miest strednej Európy s dôrazom na Bratislavu
Definovanie populačnej charakteristiky, procesy a trendy korešpondujúce u Bratislavy s druhými sídlami. Zdôraznenie toho, v čom tkvie individualita a perspektíva tohto mesta. Náčrt typológie skúmaných metropol formulovanej na základe ich populačných profilov.
Guardado en:
| Autor principal: | |
|---|---|
| Formato: | Capítulo de libro |
| Lenguaje: | eslovaco |
| Materias: | |
| Etiquetas: |
Sin Etiquetas, Sea el primero en etiquetar este registro!
|
MARC
| LEADER | 00000naa a2200000 4500 | ||
|---|---|---|---|
| 001 | r044907 | ||
| 005 | 20230918121517.5 | ||
| 041 | 0 | |a slo | |
| 044 | |a CZ | ||
| 245 | 1 | 0 | |a Porovnávanie populačných potenciálov vybraných hlavných miest strednej Európy s dôrazom na Bratislavu |c Boris Divinský |
| 520 | |a Definovanie populačnej charakteristiky, procesy a trendy korešpondujúce u Bratislavy s druhými sídlami. Zdôraznenie toho, v čom tkvie individualita a perspektíva tohto mesta. Náčrt typológie skúmaných metropol formulovanej na základe ich populačných profilov. | ||
| 610 | 2 | 0 | |a štatistika demografická |
| 610 | 2 | 0 | |a štatistika miest |
| 610 | 2 | 0 | |a štatistika obyvateľstva |
| 610 | 2 | 0 | |a populácia |
| 610 | 2 | 0 | |a typológia |
| 610 | 2 | 0 | |a mestá |
| 610 | 2 | 0 | |a porovnanie štatistické medzinárodné |
| 610 | 2 | 0 | |a stredná Európa |
| 610 | 2 | 0 | |a Bratislava |
| 100 | 1 | |a Divinský, Boris | |